Quiz dos 25 países com mais medalhas nas Olimpíadas - Statistics

Estatísticas Gerais
  • Esse quiz foi jogado 760 vezes
  • A pontuação média é 20 de 25
Estatísticas das Respostas
Medalhas País % Correto
5 473 China
98%
1 2399 Estados Unidos
98%
13 398 Japão
95%
12 396 Rússia
95%
7 573 Alemanha
94%
21 204 Alemanha Ocidental
94%
9 409 Alemanha Oriental
94%
4 671 França
94%
20 279 Canadá
93%
6 549 Itália
92%
3 780 Reino Unido
90%
11 468 Austrália
88%
16 243 Coréia do Sul
84%
10 483 Suécia
81%
2 1010 União Soviética
80%
17 266 Holanda
74%
22 148 Noruega
74%
25 185 Suíça
74%
19 271 Polônia
73%
14 302 Finlândia
65%
18 209 Cuba
63%
8 476 Hungria
63%
15 301 Romênia
52%
23 214 Bulgária
46%
24 143 Tchecoslováquia
38%
Nenhum quiz correspondente encontrado
Distribuição das Pontuações
Porcentagem de Pessoas com Cada Pontuação
Percentil de Números Respondidos
Sua Pontuação Histórica
Você não jogou esse quiz